000 00482nam a22001812 4500
001 0000000637
005 20151217155805.0
008 070213s xx 000 0 eng d
040 _aKABU
_cKABU
050 0 _aBR1440
_b.W45
100 1 _aWelbourn, F. B.
_@0000148898
245 1 0 _aEast African Christian /
_cF. B. Welbourn.
260 _aLondon :
_bOUP,
_c1965.
300 _a226 p.
908 _a070213
950 _@1
999 _c12425
_d12425